Hotel Revue Wochenzeitung für Hotellerie und Tourismus
Uložené v:
| Médium: | Seriál |
|---|---|
| Jazyk: | German |
| Vydavateľské údaje: |
Bern
Schweizer Hotelier-Verein
1979
|
| Tagy: |
Žiadne tagy, Buďte prvý, kto otaguje tento záznam!
|
MARC
| LEADER | 00000nas2a2200000 4500 | ||
|---|---|---|---|
| 001 | 0015635 | ||
| 005 | 20250730114337.4 | ||
| 041 | 0 | |a ger | |
| 044 | |a CH | ||
| 245 | 1 | 0 | |a Hotel Revue |b Wochenzeitung für Hotellerie und Tourismus |
| 264 | 1 | |a Bern |b Schweizer Hotelier-Verein |c 1979 | |
| 300 | |a 5 zv. | ||
| 773 | 0 | |w eu_un_cat*s123590 | |